[Event "40th Olympiad Women"]
[Site "Istanbul TUR"]
[Date "2012.09.05"]
[Round "8.2"]
[White "Kosintseva, T."]
[Black "Lahno, Kateri"]
[Result "1/2-1/2"]
[WhiteElo "2530"]
[BlackElo "2542"]
[PlyCount "314"]
[EventDate "2012.08.28"]
[SourceDate "1999.07.01"]
[WhiteTeam "Russia"]
[BlackTeam "Ukraine"]
[WhiteTeamCountry "NIG"]
[BlackTeamCountry "FGA"]

1. e4 c5 2. Nf3 d6 3. d4 cxd4 4. Nxd4 Nf6 5. Nc3 a6 6. Be2 e6 7. O-O Be7 8. f4
O-O 9. Be3 Nc6 10. a4 Qc7 11. Kh1 Re8 12. Qe1 d5 13. e5 Ne4 14. Bd3 Nc5 15. Qg3
Bf8 16. Rae1 Bd7 17. Bg1 Nxd3 18. cxd3 Nxd4 19. Bxd4 b5 20. axb5 axb5 21. f5 b4
22. fxe6 fxe6 23. Ne2 Be7 24. Nf4 Rf8 25. Nh5 g6 26. Qg4 Rf5 27. Rxf5 exf5 28.
Qf3 Be6 29. Nf6+ Kf7 30. Nxd5 Qb7 31. Nxe7 Qxf3 32. gxf3 Kxe7 33. Bc5+ Kd7 34.
Bxb4 Bd5 35. Kg2 g5 36. Kf2 Ra4 37. Bd2 Rh4 38. Bxg5 Rh3 39. e6+ Bxe6 40. Bf4
Bd5 41. Re3 Kc6 42. Kg2 Rh5 43. Kg3 Kc5 44. Re8 Bb7 45. Rb8 Ba6 46. b4+ Kc6 47.
d4 Bf1 48. h4 Kd5 49. b5 Kxd4 50. b6 Kc5 51. Bg5 Ba6 52. Kf4 h6 53. Bd8 Kb5 54.
Ra8 Bb7 55. Ra3 Kc5 56. Rc3+ Kb5 57. Re3 Kc5 58. Re6 Ba8 59. Rg6 Bb7 60. Rg7
Kc6 61. Rf7 Ba8 62. Rh7 Bb7 63. Kg3 f4+ 64. Kxf4 Rd5 65. Rxh6+ Kb5 66. Bc7 Rd3
67. h5 Rxf3+ 68. Kg4 Rf1 69. Rh8 Rg1+ 70. Kf5 Rf1+ 71. Kg5 Ka6 72. Re8 Rg1+ 73.
Kh6 Bf3 74. Re3 Bd1 75. Re5 Bf3 76. Rg5 Re1 77. Kg7 Re7+ 78. Kg6 Re6+ 79. Kh7
Re7+ 80. Kh6 Re8 81. Rc5 Rh8+ 82. Kg6 Be4+ 83. Kg5 Rg8+ 84. Kf6 Rh8 85. Re5 Bd3
86. Kg5 Rg8+ 87. Kf4 Rh8 88. Kg4 Bc2 89. Kg5 Rg8+ 90. Kf6 Rh8 91. Kg5 Rg8+ 92.
Kh4 Rg1 93. Re3 Rh1+ 94. Kg5 Rg1+ 95. Kh6 Rg8 96. Re5 Rh8+ 97. Kg7 Rh7+ 98. Kf6
Rh8 99. Rd5 Be4 100. Rc5 Bd3 101. Kf7 Be2 102. Kg6 Bd3+ 103. Kg5 Rg8+ 104. Kh4
Rg1 105. Bd8 Be2 106. Ra5+ Kb7 107. Ra7+ Kc8 108. Ra8+ Kb7 109. Ra7+ Kc8 110.
h6 Rg4+ 111. Kh3 Rg6 112. Rh7 Kxd8 113. b7 Rxh6+ 114. Rxh6 Kc7 115. Rh7+ Kb8
116. Kg3 Ba6 117. Kf4 Bxb7 118. Ke5 Ka7 119. Rh6 Bf3 120. Kd4 Kb7 121. Kc5 Be4
122. Re6 Bf3 123. Re7+ Ka6 124. Re3 Bg2 125. Rb3 Be4 126. Rb6+ Ka7 127. Kb5 Bb7
128. Rg6 Bf3 129. Rg7+ Kb8 130. Kc5 Kc8 131. Kd6 Kb8 132. Rg3 Be4 133. Rb3+ Kc8
134. Rc3+ Kb7 135. Rc7+ Kb6 136. Rc4 Bf3 137. Rb4+ Ka7 138. Kc5 Ka6 139. Rf4
Bg2 140. Rf6+ Kb7 141. Rb6+ Ka7 142. Rb3 Be4 143. Kb5 Kb7 144. Re3 Bg2 145.
Re7+ Kc8 146. Kc5 Bf3 147. Kd6 Kb8 148. Re3 Bg2 149. Kd7 Kb7 150. Rb3+ Ka6 151.
Kc7 Ka5 152. Rb6 Ka4 153. Kd6 Ka3 154. Kc5 Ka2 155. Kc4 Be4 156. Re6 Bb1 157.
Kc3 Ka1 1/2-1/2

[Event "40th Olympiad Open"]
[Site "Istanbul TUR"]
[Date "2012.08.29"]
[Round "2.1"]
[White "Volokitin, And"]
[Black "Al Sayed, Mohamad"]
[Result "1-0"]
[WhiteElo "2709"]
[BlackElo "2517"]
[PlyCount "77"]
[EventDate "2012.08.28"]
[SourceDate "1999.07.01"]
[WhiteTeam "Ukraine"]
[BlackTeam "Qatar"]
[WhiteTeamCountry "FGA"]
[BlackTeamCountry "MSH"]

1. e4 c5 2. Nf3 d6 3. d4 cxd4 4. Nxd4 Nf6 5. Nc3 a6 6. Bg5 Nbd7 7. Qe2 b5 8.
Nd5 Bb7 9. Bxf6 Nxf6 10. Nxf6+ exf6 11. a4 bxa4 12. Rxa4 Be7 13. Qg4 g6 14. Bc4
d5 15. exd5 Bxd5 16. O-O O-O 17. Rd1 Bxc4 18. Nc6 Qc7 19. Rxc4 Bd6 20. g3 Rfe8
21. b3 f5 22. Qf3 Bf8 23. Kg2 Rac8 24. Rd5 Qb6 25. Rd7 Bc5 26. Qd5 Qxc6 27.
Rxc5 Qxd5+ 28. Rdxd5 Kg7 29. Rxc8 Rxc8 30. c4 Rb8 31. Rd3 Kf6 32. Kf3 Ke5 33.
Ke3 a5 34. f4+ Ke6 35. Kd2 Ra8 36. Kc3 h5 37. h4 a4 38. bxa4 Rxa4 39. Kb3 1-0

[Event "40th Olympiad Open"]
[Site "Istanbul TUR"]
[Date "2012.08.29"]
[Round "2.10"]
[White "Adams, Mi"]
[Black "Leitao, R."]
[Result "1/2-1/2"]
[WhiteElo "2722"]
[BlackElo "2623"]
[PlyCount "122"]
[EventDate "2012.08.28"]
[SourceDate "1999.07.01"]
[WhiteTeam "England"]
[BlackTeam "Brazil"]
[WhiteTeamCountry "HON"]
[BlackTeamCountry "BUR"]

1. e4 c5 2. Nf3 d6 3. d4 cxd4 4. Nxd4 Nf6 5. Nc3 a6 6. Be3 e5 7. Nf3 Be7 8. Bc4
O-O 9. O-O Be6 10. Bxe6 fxe6 11. Na4 Ng4 12. Qd3 b5 13. Nb6 Ra7 14. Nd5 Nxe3
15. Qxe3 Rb7 16. Qd3 Qd7 17. Nxe7+ Qxe7 18. Rfd1 Rb6 19. Rac1 Nd7 20. b4 Nf6
21. c4 bxc4 22. Qxc4 h6 23. a3 Kh7 24. h3 Ra8 25. Nd2 a5 26. b5 a4 27. Qb4 Rab8
28. Qxa4 Rxb5 29. Rc6 d5 30. Qa6 Nxe4 31. Nxe4 dxe4 32. Qa4 Qf7 33. Qxe4+ Qf5
34. Rc4 Rb1 35. Rxb1 Rxb1+ 36. Kh2 Qxe4 37. Rxe4 Ra1 38. a4 Kg6 39. g4 Ra3 40.
Kg2 Kf6 41. h4 Kf7 42. h5 Kf6 43. f3 Ra2+ 44. Kg3 Rb2 45. Rc4 Ra2 46. Rb4 g6
47. hxg6 Kxg6 48. Rb6 Kf6 49. Ra6 Ra3 50. Kf2 e4 51. fxe4 Ke5 52. a5 Kxe4 53.
Rxe6+ Kf4 54. a6 Kxg4 55. Rxh6 Kg5 56. Rb6 Kf5 57. Ke2 Ke5 58. Kd2 Kd5 59. Kc2
Kc5 60. Kb2 Kxb6 61. Kxa3 Kxa6 1/2-1/2

[Event "40th Olympiad Open"]
[Site "Istanbul TUR"]
[Date "2012.08.30"]
[Round "3.19"]
[White "Saric, Iv"]
[Black "Grandelius, N."]
[Result "1/2-1/2"]
[WhiteElo "2638"]
[BlackElo "2562"]
[PlyCount "89"]
[EventDate "2012.08.28"]
[SourceDate "1999.07.01"]
[WhiteTeam "Croatia"]
[BlackTeam "Sweden"]
[WhiteTeamCountry "FRM"]
[BlackTeamCountry "BNN"]

1. e4 c5 2. Nf3 d6 3. d4 cxd4 4. Nxd4 Nf6 5. Nc3 a6 6. Be3 Nbd7 7. g4 h6 8. f3
Qc7 9. Qd2 b5 10. O-O-O b4 11. Nd5 Nxd5 12. exd5 Nf6 13. Nf5 g6 14. Ng3 Bg7 15.
Bd4 O-O 16. h4 Bb7 17. g5 Nxd5 18. Bxg7 Kxg7 19. h5 e5 20. Ne4 Rac8 21. gxh6+
Kh8 22. Bh3 Rcd8 23. Qg5 Qe7 24. hxg6 fxg6 25. Qxg6 Nf4 26. Qg5 Qxg5 27. Nxg5
Rf6 28. Bg4 Rdf8 29. Ne4 Ne2+ 30. Kb1 Bxe4 31. fxe4 Ng3 32. Rhe1 Rf4 33. Be2 a5
34. Bd3 Kh7 35. Re3 Rf3 36. Rxf3 Rxf3 37. a3 bxa3 38. b3 Kxh6 39. Ka2 Kg5 40.
Kxa3 Kf4 41. Ka4 Nxe4 42. Bxe4 Kxe4 43. Rxd6 Rc3 44. Kxa5 Rxc2 45. b4 1/2-1/2

[Event "40th Olympiad Open"]
[Site "Istanbul TUR"]
[Date "2012.09.01"]
[Round "5.4"]
[White "Saric, Iv"]
[Black "Vachier Lagrave, M."]
[Result "1/2-1/2"]
[WhiteElo "2638"]
[BlackElo "2686"]
[PlyCount "51"]
[EventDate "2012.08.28"]
[SourceDate "1999.07.01"]
[WhiteTeam "Croatia"]
[BlackTeam "France"]
[WhiteTeamCountry "FRM"]
[BlackTeamCountry "IRL"]

1. e4 c5 2. Nf3 d6 3. d4 cxd4 4. Nxd4 Nf6 5. Nc3 a6 6. f3 Qb6 7. Nb3 e6 8. a4
Nbd7 9. Be2 Be7 10. a5 Qc7 11. O-O O-O 12. Bf4 b5 13. axb6 Nxb6 14. Qd2 Rd8 15.
Rfd1 e5 16. Bg3 d5 17. Nxd5 Nfxd5 18. exd5 Rxd5 19. Qc3 Rxd1+ 20. Rxd1 Qxc3 21.
bxc3 a5 22. Bf2 Na4 23. Be1 Nb6 24. Bf2 Na4 25. Be1 Nb6 26. Bf2 1/2-1/2

[Event "40th Olympiad Open"]
[Site "Istanbul TUR"]
[Date "2012.09.01"]
[Round "5.13"]
[White "Stefansson, H."]
[Black "So, W."]
[Result "1/2-1/2"]
[WhiteElo "2515"]
[BlackElo "2652"]
[PlyCount "61"]
[EventDate "2012.08.28"]
[SourceDate "1999.07.01"]
[WhiteTeam "Iceland"]
[BlackTeam "Philippines"]
[WhiteTeamCountry "MAU"]
[BlackTeamCountry "NKO"]

1. e4 c5 2. Nf3 d6 3. d4 cxd4 4. Nxd4 Nf6 5. Nc3 a6 6. Be2 e5 7. Nb3 Be7 8. O-O
O-O 9. Re1 Be6 10. Bf3 Qc7 11. a4 Nbd7 12. Nd2 Qc6 13. a5 d5 14. exd5 Nxd5 15.
Ndb1 N7f6 16. Nxd5 Nxd5 17. b3 Qd7 18. Bxd5 Qxd5 19. Qxd5 Bxd5 20. Ba3 Bxa3 21.
Nxa3 f6 22. Rad1 Rfd8 23. c4 Be6 24. f3 Kf7 25. Kf2 Ke7 26. Nb1 Rab8 27. Nc3
Rxd1 28. Rxd1 b6 29. Nd5+ Bxd5 30. Rxd5 bxa5 31. Rxa5 1/2-1/2

[Event "Botvinnik Memorial 2012"]
[Site "St Petersburg RUS"]
[Date "2012.08.28"]
[Round "4.1"]
[White "Onischuk, V."]
[Black "Areshchenko, A."]
[Result "1/2-1/2"]
[WhiteElo "2547"]
[BlackElo "2691"]
[PlyCount "81"]
[EventDate "2012.08.25"]
[SourceDate "1999.07.01"]

1. e4 c5 2. Nf3 d6 3. d4 cxd4 4. Nxd4 Nf6 5. Nc3 a6 6. Be2 e5 7. Nb3 Be6 8. f4
Be7 9. fxe5 dxe5 10. Qxd8+ Bxd8 11. Nc5 Nc6 12. Bg5 Nd4 13. Bd3 Bc8 14. Nb3 Ne6
15. Be3 Bd7 16. Nd5 Bc6 17. Nxf6+ Bxf6 18. Na5 Rc8 19. g3 Bd8 20. Nxc6 Rxc6 21.
c3 Bb6 22. Bd2 Ke7 23. Rd1 Rd8 24. Ke2 Ba7 25. Bc1 b5 26. a3 Rb8 27. Bb1 a5 28.
Rd5 b4 29. axb4 axb4 30. Rhd1 bxc3 31. bxc3 Rxc3 32. Rd7+ Ke8 33. Rxa7 Rxb1 34.
Ra8+ Ke7 35. Bg5+ Nxg5 36. Rxb1 Rc2+ 37. Ke3 Rxh2 38. Ra7+ Kf6 39. Rb6+ Ne6 40.
Rbb7 Ng5 41. Rb6+ 1/2-1/2

[Event "Botvinnik Memorial 2012"]
[Site "St Petersburg RUS"]
[Date "2012.08.29"]
[Round "5.5"]
[White "Demchenko, A."]
[Black "Dvoirys, S."]
[Result "1-0"]
[WhiteElo "2603"]
[BlackElo "2533"]
[PlyCount "55"]
[EventDate "2012.08.25"]
[SourceDate "1999.07.01"]

1. e4 c5 2. Nf3 d6 3. d4 cxd4 4. Nxd4 Nf6 5. Nc3 a6 6. h3 e6 7. g4 h6 8. Bg2
Nc6 9. Be3 Bd7 10. Qe2 b5 11. a3 Na5 12. f4 Nc4 13. e5 dxe5 14. fxe5 Nxe5 15.
Bxa8 Qxa8 16. O-O-O Nc4 17. Rhe1 Bc5 18. Bf2 O-O 19. Nb3 Bxf2 20. Qxf2 Rc8 21.
h4 e5 22. g5 Ng4 23. Qg3 Qc6 24. Nd5 Qe6 25. Qg1 Kh8 26. Nc5 Qf5 27. Rf1 Qh7
28. g6 1-0

[Event "Botvinnik Memorial 2012"]
[Site "St Petersburg RUS"]
[Date "2012.08.31"]
[Round "7.5"]
[White "Inarkiev, E."]
[Black "Dvoirys, S."]
[Result "1-0"]
[WhiteElo "2683"]
[BlackElo "2533"]
[PlyCount "95"]
[EventDate "2012.08.25"]
[SourceDate "1999.07.01"]

1. e4 c5 2. Nf3 d6 3. d4 cxd4 4. Nxd4 Nf6 5. Nc3 a6 6. Be3 e5 7. Nb3 Be6 8. Qd2
Nbd7 9. f3 b5 10. g4 Nb6 11. g5 Nfd7 12. Na5 b4 13. Nd5 Nxd5 14. exd5 Qxa5 15.
dxe6 fxe6 16. Bh3 Qd5 17. Qe2 Be7 18. O-O Nc5 19. a3 Rb8 20. axb4 Rxb4 21. c3
Rh4 22. Bg4 e4 23. b4 Nd3 24. Rxa6 O-O 25. fxe4 Qxe4 26. Rxf8+ Bxf8 27. h3 h5
28. gxh6 Ne5 29. hxg7 Bxg7 30. Bxe6+ Kh7 31. Kf1 Nd3 32. Bg4 Nf4 33. Bxf4 Qxf4+
34. Kg2 Be5 35. Qd3+ Kh6 36. b5 Kg5 37. Qf3 Qd2+ 38. Qf2 Qd3 39. Qf3 Qd2+ 40.
Qf2 Qd3 41. Ra4 Qxc3 42. Re4 Rh8 43. Be6 Qb2 44. Rg4+ Kh6 45. Qxb2 Bxb2 46. b6
d5 47. b7 Be5 48. Bg8 1-0

[Event "2nd Isthmia Open A"]
[Site "Korinthia GRE"]
[Date "2012.08.21"]
[Round "5.2"]
[White "Van Kampen, R."]
[Black "Adhiban, Baskaran"]
[Result "1-0"]
[WhiteElo "2565"]
[BlackElo "2553"]
[PlyCount "79"]
[EventDate "2012.08.18"]
[SourceDate "1999.07.01"]

1. e4 c5 2. Nf3 d6 3. d4 cxd4 4. Nxd4 Nf6 5. Nc3 a6 6. Bg5 Nbd7 7. Bc4 e6 8.
Qe2 h6 9. Bh4 Ne5 10. Bb3 g5 11. Bg3 Qc7 12. O-O-O Be7 13. h4 Rg8 14. hxg5 hxg5
15. Kb1 Bd7 16. Nf3 O-O-O 17. Rd4 Nc6 18. Rd2 g4 19. Nd4 Ne5 20. Bf4 Kb8 21.
Rdd1 Rc8 22. Bc1 Ka8 23. f4 gxf3 24. gxf3 Nc4 25. f4 Na5 26. Rhf1 Bf8 27. f5 e5
28. Ne6 Qc6 29. Nxf8 Rcxf8 30. Bd5 Qc7 31. Qxa6+ Kb8 32. Qe2 Rg3 33. Rf3 Rxf3
34. Qxf3 Nc6 35. Nb5 Qb6 36. Nxd6 Nxd5 37. Rxd5 Nb4 38. Rd1 f6 39. Qb3 Rd8 40.
a3 1-0

[Event "2nd Isthmia Open A"]
[Site "Korinthia GRE"]
[Date "2012.08.22"]
[Round "6.1"]
[White "Fedorchuk, S."]
[Black "Van Kampen, R."]
[Result "1/2-1/2"]
[WhiteElo "2639"]
[BlackElo "2565"]
[PlyCount "40"]
[EventDate "2012.08.18"]
[SourceDate "1999.07.01"]

1. e4 c5 2. Nf3 d6 3. d4 cxd4 4. Nxd4 Nf6 5. Nc3 a6 6. h3 e5 7. Nde2 h5 8. Bg5
Be6 9. Bxf6 Qxf6 10. Nd5 Qd8 11. Nec3 g6 12. Bc4 Bh6 13. a3 O-O 14. Ba2 Nc6 15.
Qd3 Rc8 16. O-O Nd4 17. Kh1 Qh4 18. Kg1 Kh8 19. Rae1 b5 20. Nb4 a5 1/2-1/2

[Event "2nd Isthmia Open A"]
[Site "Korinthia GRE"]
[Date "2012.08.25"]
[Round "9.3"]
[White "Firman, N."]
[Black "Van Kampen, R."]
[Result "1/2-1/2"]
[WhiteElo "2535"]
[BlackElo "2565"]
[PlyCount "185"]
[EventDate "2012.08.18"]
[SourceDate "1999.07.01"]

1. e4 c5 2. Nf3 d6 3. d4 cxd4 4. Nxd4 Nf6 5. Nc3 a6 6. h3 e6 7. g4 Be7 8. Bg2
Nfd7 9. g5 Nc6 10. h4 Qb6 11. Nde2 Qc7 12. b3 b5 13. Bb2 O-O 14. Qd2 b4 15. Nd1
a5 16. Ne3 a4 17. Rb1 axb3 18. axb3 Re8 19. O-O Ba6 20. Rfe1 Bf8 21. Ng3 Bb7
22. Nh5 Ra2 23. f4 g6 24. Nf6+ Nxf6 25. Bxf6 Qb8 26. h5 e5 27. hxg6 hxg6 28.
Qf2 exf4 29. Qh4 Bg7 30. Nd5 Re6 31. Bxg7 Kxg7 32. Qh6+ Kg8 33. Nf6+ Rxf6 34.
gxf6 Qf8 35. Qxf4 Rxc2 36. Rbc1 Rxc1 37. Rxc1 Nd4 38. Qe3 Ne6 39. Bh3 Bc8 40.
Bxe6 Bxe6 41. Ra1 Bg4 42. Kf2 Bh5 43. Rc1 Qd8 44. Qg5 Qb6+ 45. Kg3 Qa6 46. Qd2
d5 47. e5 Qe6 48. Qf4 Kh7 49. Ra1 Qc8 50. Rc1 Qe6 51. Kh4 d4 52. Qxd4 Qxb3 53.
Qc4 Qxc4+ 54. Rxc4 Kh6 55. Rxb4 g5+ 56. Kg3 Kg6 57. Rb7 Kf5 58. Re7 Bg6 59. Kf3
Bh5+ 60. Kf2 Bg6 61. Ke3 Bh5 62. Kd4 Bg6 63. Re8 Bh5 64. Rf8 Bg6 65. Rg8 Bh5
66. Rg7 Bg6 67. Ke3 Bh5 68. Kd3 Bg6 69. Kd4 Bh5 70. Rh7 Bg6 71. Rh1 Ke6 72. Rg1
Kf5 73. Rh1 Ke6 74. Rh6 Bc2 75. Rh2 Bg6 76. Rh1 Kf5 77. Rg1 Bh5 78. Kd5 g4 79.
Rf1+ Kg5 80. Ke4 g3 81. Rf5+ Kg4 82. Rxh5 Kxh5 83. e6 g2 84. exf7 g1=Q 85. f8=Q
Qe1+ 86. Kf5 Qb1+ 87. Ke6 Qb3+ 88. Ke7 Qb7+ 89. Ke6 Qb3+ 90. Ke5 Qb5+ 91. Kd4
Qd7+ 92. Kc5 Kg6 93. Qg7+ 1/2-1/2

[Event "ZMDI Open A 2012"]
[Site "Dresden GER"]
[Date "2012.08.22"]
[Round "5"]
[White "Jaracz, P."]
[Black "Kovchan, A."]
[Result "1/2-1/2"]
[WhiteElo "2536"]
[BlackElo "2576"]
[PlyCount "31"]
[EventDate "2012.08.18"]
[SourceDate "1999.07.01"]

1. e4 c5 2. Nf3 d6 3. d4 cxd4 4. Nxd4 Nf6 5. Nc3 a6 6. Be3 e5 7. Nb3 Be6 8. f3
h5 9. Qd2 Nbd7 10. Nd5 Bxd5 11. exd5 g6 12. Be2 Bg7 13. O-O O-O 14. Na5 Qc7 15.
c4 b6 16. Nc6 1/2-1/2

[Event "ZMDI Open A 2012"]
[Site "Dresden GER"]
[Date "2012.08.24"]
[Round "7"]
[White "Jaracz, P."]
[Black "Sandipan, C."]
[Result "1/2-1/2"]
[WhiteElo "2536"]
[BlackElo "2611"]
[PlyCount "54"]
[EventDate "2012.08.18"]
[SourceDate "1999.07.01"]

1. e4 c5 2. Nf3 d6 3. d4 cxd4 4. Nxd4 Nf6 5. Nc3 a6 6. Be3 e6 7. Be2 Qc7 8. Qd2
b5 9. a3 Bb7 10. f3 Nc6 11. g4 Be7 12. g5 Nd7 13. h4 Rc8 14. Nxc6 Bxc6 15.
O-O-O Rb8 16. Qd4 Qb6 17. Qd2 Qa5 18. Kb1 Ne5 19. Ka1 Nc4 20. Bxc4 bxc4 21. Rb1
f5 22. gxf6 gxf6 23. Rhg1 Kf7 24. Qd4 Qc5 25. Qd2 Qa5 26. Qd4 Qc5 27. Qd2 Qa5
1/2-1/2

[Event "87th ch-FRA 2012"]
[Site "Pau FRA"]
[Date "2012.08.14"]
[Round "2"]
[White "Hamdouchi, H."]
[Black "Vachier Lagrave, M."]
[Result "0-1"]
[WhiteElo "2627"]
[BlackElo "2686"]
[PlyCount "164"]
[EventDate "2012.08.13"]
[SourceDate "1999.07.01"]

1. e4 c5 2. Nf3 d6 3. d4 cxd4 4. Nxd4 Nf6 5. Nc3 a6 6. Bc4 e6 7. O-O Be7 8. a3
O-O 9. Ba2 b5 10. Qf3 Bb7 11. Qg3 Nc6 12. Nxc6 Bxc6 13. Bh6 Ne8 14. Rad1 b4 15.
axb4 Rb8 16. Bc4 Rxb4 17. b3 Bh4 18. Qg4 Bf6 19. Bd2 a5 20. Ne2 Rb7 21. Ng3 a4
22. Nh5 a3 23. Qe2 Bb2 24. Bc1 Bxc1 25. Rxc1 Nf6 26. Bd3 Nxh5 27. Qxh5 g6 28.
Qe2 Qf6 29. Ra1 Ra8 30. Ra2 Qd4 31. Rfa1 Rba7 32. Qe1 Ra5 33. h3 h5 34. Kf1 Qe5
35. Qe3 Qc3 36. Qe1 Qd4 37. f3 Qe5 38. Qe3 Qc3 39. Qe1 Qe5 40. Qe3 d5 41. f4
Qc3 42. e5 Bb5 43. Kf2 Bxd3 44. Qxd3 Qb4 45. Qe3 Rc8 46. Kg1 Rc3 47. Qf2 d4 48.
Qd2 d3 49. cxd3 Qxb3 50. d4 Ra8 51. Qf2 Rd3 52. Kh2 Qc3 53. Qg1 Kg7 54. Qf2 Ra4
55. Qg1 Qc6 56. Rd1 Qe4 57. Rxd3 Qxd3 58. Qf2 Qxd4 59. Qxd4 Rxd4 60. Rxa3 Rxf4
61. g3 Re4 62. Ra5 Re2+ 63. Kg1 g5 64. Kf1 Rh2 65. Kg1 Rxh3 66. Kg2 g4 67. Ra4
Kh6 68. Rf4 Kg6 69. Rf6+ Kg7 70. Rf4 Kf8 71. Re4 h4 72. gxh4 Rxh4 73. Kg3 Rh5
74. Kxg4 Rf5 75. Re2 Ke7 76. Re1 Kd7 77. Rd1+ Kc7 78. Ra1 Kb6 79. Ra2 Rxe5 80.
Rf2 f5+ 81. Kg5 Kc5 82. Kf6 Kd4 0-1

[Event "87th ch-FRA 2012"]
[Site "Pau FRA"]
[Date "2012.08.15"]
[Round "3"]
[White "Bauer, Ch"]
[Black "Istratescu, A."]
[Result "1/2-1/2"]
[WhiteElo "2682"]
[BlackElo "2647"]
[PlyCount "92"]
[EventDate "2012.08.13"]
[SourceDate "1999.07.01"]

1. e4 c5 2. Nf3 d6 3. d4 cxd4 4. Nxd4 Nf6 5. Nc3 a6 6. Be2 g6 7. Be3 Nc6 8. Qd2
Bg7 9. O-O-O O-O 10. f3 Nxd4 11. Bxd4 Be6 12. Kb1 Qc7 13. g4 Rfc8 14. h4 Qa5
15. Qg5 b5 16. a3 Rab8 17. Bd3 h6 18. Qd2 b4 19. Ne2 Qa4 20. b3 Qxa3 21. g5 Nh5
22. gxh6 Be5 23. Rhg1 Rc3 24. Bxe5 dxe5 25. Qc1 Qxc1+ 26. Rxc1 Rc5 27. Rg5 Kh7
28. Rcg1 Rg8 29. Bxa6 Kxh6 30. Bd3 Ra5 31. Kb2 Rga8 32. Kc1 Nf4 33. Nxf4 exf4
34. Kd2 Rxg5 35. Rxg5 Ra2 36. Rb5 Bxb3 37. Rxb4 Be6 38. e5 g5 39. hxg5+ Kxg5
40. Rb7 Ra5 41. Rxe7 Rxe5 42. c4 Kf6 43. Re8 Re3 44. Be2 Bxc4 45. Rxe3 fxe3+
46. Kxe3 Bxe2 1/2-1/2

[Event "51st World Juniors"]
[Site "Athens GRE"]
[Date "2012.08.14"]
[Round "12.4"]
[White "Yu Yangyi"]
[Black "Grandelius, N."]
[Result "1/2-1/2"]
[WhiteElo "2635"]
[BlackElo "2562"]
[PlyCount "81"]
[EventDate "2012.08.02"]
[SourceDate "1999.07.01"]

1. e4 c5 2. Nf3 d6 3. d4 cxd4 4. Nxd4 Nf6 5. Nc3 a6 6. Bg5 Nbd7 7. Bc4 Qb6 8.
Bb3 e6 9. O-O Be7 10. Kh1 O-O 11. f4 Qc7 12. f5 Nc5 13. fxe6 fxe6 14. Nf5 Nxb3
15. Nxe7+ Qxe7 16. axb3 Bd7 17. Qd4 Bc6 18. Rae1 h6 19. Bh4 Rf7 20. Rd1 Raf8
21. Bxf6 Rxf6 22. Rxf6 Qxf6 23. Kg1 Qxd4+ 24. Rxd4 Rd8 25. e5 Kf7 26. Rxd6 Rxd6
27. exd6 Ke8 28. Kf2 Kd7 29. b4 Kxd6 30. g3 Be8 31. Ke3 Bg6 32. Kd2 e5 33. b3
Bf5 34. Nd1 Kd5 35. Nf2 Be4 36. c3 Bg2 37. Ke3 Ke6 38. Nd3 Kf5 39. c4 g5 40.
Nf2 h5 41. Nd3 1/2-1/2

[Event "51st World Juniors"]
[Site "Athens GRE"]
[Date "2012.08.15"]
[Round "13.3"]
[White "Zherebukh, Y."]
[Black "Ter Sahakyan, S."]
[Result "1-0"]
[WhiteElo "2629"]
[BlackElo "2567"]
[PlyCount "71"]
[EventDate "2012.08.02"]
[SourceDate "1999.07.01"]

1. e4 c5 2. Nf3 d6 3. d4 cxd4 4. Nxd4 Nf6 5. Nc3 a6 6. g3 e5 7. Nb3 Be7 8. Bg2
b5 9. a4 b4 10. Nd5 Nxd5 11. Qxd5 Ra7 12. Be3 Be6 13. Qd3 Rd7 14. O-O O-O 15.
Rfc1 Re8 16. a5 Qc8 17. c3 bxc3 18. Rxc3 Rc7 19. Rac1 Rxc3 20. Rxc3 Qb7 21. Qc2
Rc8 22. Rxc8+ Bxc8 23. Nd2 Qc6 24. Qb3 Bb7 25. Bf1 d5 26. Ba7 dxe4 27. Bxb8 Bc5
28. Bxe5 e3 29. fxe3 Qh1+ 30. Kf2 Qxh2+ 31. Ke1 Qg1 32. Bf4 g5 33. Qxb7 gxf4
34. Qc8+ Bf8 35. Qg4+ Bg7 36. Qxf4 1-0

[Event "65th ch-RUS"]
[Site "Moscow RUS"]
[Date "2012.08.09"]
[Round "6"]
[White "Jakovenko, D."]
[Black "Karjakin, Sergey"]
[Result "1/2-1/2"]
[WhiteElo "2722"]
[BlackElo "2785"]
[PlyCount "47"]
[EventDate "2012.08.03"]
[SourceDate "1999.07.01"]

1. e4 c5 2. Nf3 d6 3. d4 cxd4 4. Nxd4 Nf6 5. Nc3 a6 6. Be3 Ng4 7. Bc1 Nf6 8.
Be2 e5 9. Nb3 Be7 10. Bg5 Be6 11. Bxf6 Bxf6 12. Qd3 O-O 13. Rd1 Be7 14. Nd5
Bxd5 15. Qxd5 Qc7 16. c3 Nd7 17. O-O b5 18. Nd2 Nb6 19. Qb3 Rac8 20. Rfe1 Bg5
21. Nf3 Be7 22. Nd2 Bg5 23. Nf3 Be7 24. Nd2 1/2-1/2

[Event "65th ch-RUS"]
[Site "Moscow RUS"]
[Date "2012.08.09"]
[Round "6"]
[White "Alekseev, Evgeny"]
[Black "Grischuk, A."]
[Result "1/2-1/2"]
[WhiteElo "2673"]
[BlackElo "2763"]
[PlyCount "82"]
[EventDate "2012.08.03"]
[SourceDate "1999.07.01"]

1. e4 c5 2. Nf3 d6 3. d4 cxd4 4. Nxd4 Nf6 5. Nc3 a6 6. Bg5 Nbd7 7. f4 g6 8. Qe2
Bg7 9. O-O-O O-O 10. e5 dxe5 11. fxe5 Qa5 12. Nf3 Ng4 13. Rd5 b5 14. h3 Nh6 15.
Kb1 Nf5 16. Ne4 Qc7 17. g4 Bb7 18. Rxd7 Qxd7 19. gxf5 Qxf5 20. Ned2 Bxe5 21.
Qe3 Qe6 22. Rg1 Bg7 23. Qxe6 fxe6 24. Be2 Rf7 25. Be3 Bd5 26. Ng5 Rf5 27. Bd3
Raf8 28. c3 Re5 29. Bd4 Rxg5 30. Rxg5 Bh6 31. h4 Bxg5 32. hxg5 Rf4 33. Kc2 Rg4
34. Be3 e5 35. Kd1 Kf7 36. b3 Rg3 37. Ke2 Rg2+ 38. Kf1 Rg3 39. Kf2 Rg2+ 40. Kf1
Rg3 41. Kf2 Rg2+ 1/2-1/2

[Event "45th Biel GM"]
[Site "Biel SUI"]
[Date "2012.07.31"]
[Round "8"]
[White "Bacrot, E."]
[Black "Giri, A."]
[Result "0-1"]
[WhiteElo "2713"]
[BlackElo "2696"]
[PlyCount "70"]
[EventDate "2012.07.23"]
[SourceDate "1999.07.01"]

1. e4 c5 2. Nf3 d6 3. d4 Nf6 4. Nc3 cxd4 5. Nxd4 a6 6. h3 e6 7. g4 Be7 8. g5
Nfd7 9. h4 b5 10. Bg2 Bb7 11. O-O Nc6 12. Nxc6 Bxc6 13. Be3 h6 14. f4 hxg5 15.
hxg5 b4 16. Ne2 e5 17. a3 a5 18. Qd2 Nc5 19. fxe5 bxa3 20. Rxa3 Nxe4 21. Nd4
dxe5 22. Nxc6 Nxd2 23. Nxd8 Nxf1 24. Kxf1 Rxd8 25. Rxa5 f6 26. gxf6 gxf6 27. c4
Rh2 28. Kg1 Rh4 29. Bd5 Rb8 30. c5 Rh3 31. Bf2 Rd3 32. c6 Bd8 33. Rc5 Rxb2 34.
Be4 Rd1+ 35. Kg2 Rdd2 0-1

[Event "45th Biel GM"]
[Site "Biel SUI"]
[Date "2012.08.01"]
[Round "9"]
[White "Bologan, V."]
[Black "Wang Hao"]
[Result "1-0"]
[WhiteElo "2732"]
[BlackElo "2739"]
[PlyCount "97"]
[EventDate "2012.07.23"]
[SourceDate "1999.07.01"]

1. e4 c5 2. Nf3 d6 3. d4 cxd4 4. Nxd4 Nf6 5. Nc3 a6 6. Be3 e5 7. Nb3 Be6 8. f3
h5 9. Qd2 Nbd7 10. Nd5 Bxd5 11. exd5 Qc7 12. c4 b6 13. Rc1 g6 14. Be2 Bg7 15.
O-O O-O 16. Na1 a5 17. Nc2 Nc5 18. Na3 Qe7 19. Nb5 Nfd7 20. Rce1 Rfc8 21. b3 f5
22. Bd1 Nf6 23. Bc2 Kh7 24. h3 Rf8 25. a3 Rac8 26. b4 axb4 27. axb4 Ncd7 28.
Bb3 Ng8 29. f4 Ngf6 30. Na7 Ra8 31. Nc6 Qe8 32. Bc2 Ra2 33. Qd1 Qa8 34. fxe5
dxe5 35. Ne7 e4 36. c5 bxc5 37. bxc5 Qa3 38. Bb1 Rb2 39. Qc1 Rfb8 40. Re2 Ne5
41. Rxb2 Rxb2 42. Bd4 Qg3 43. Bxb2 Nf3+ 44. Rxf3 exf3 45. Qd2 Nxd5 46. Nxf5 f2+
47. Kf1 Qh2 48. Kxf2 Bxb2 49. Qh6+ 1-0

[Event "45th Biel Masters Open"]
[Site "Biel SUI"]
[Date "2012.08.01"]
[Round "9"]
[White "Vachier Lagrave, M."]
[Black "Edouard, R."]
[Result "1/2-1/2"]
[WhiteElo "2686"]
[BlackElo "2646"]
[PlyCount "34"]
[EventDate "2012.07.23"]
[SourceDate "1999.07.01"]

1. e4 c5 2. Nf3 d6 3. d4 cxd4 4. Nxd4 Nf6 5. Nc3 a6 6. Be3 e6 7. g4 e5 8. Nf5
Nc6 9. Bg2 g6 10. Qe2 gxf5 11. exf5 Rg8 12. h3 h5 13. Bf3 Bh6 14. O-O-O Bxe3+
15. Qxe3 Kf8 16. Qh6+ Rg7 17. Qh8+ Rg8 1/2-1/2